00722cam a22002417a 4500003000500000005001700005008004100022010001000063011001000073035001000083040000900093082002000102111008600122245001200208260005700220300001100277410003200288490003300320650002600353650003600379810003200415830003300447CHAP20220329141102.0971013s1994 r 10010 d a62368 a63340 a67516 cCHAP a634.9285063bE500aEncuentro Nacional sobre Inventarios Forestales (n1d: 1984c: Chihuahua, Chih.) 0aMemoria aMéxico, D.F. :bINIFAP. División Forestal,c1994 a507 p. aINIFAP. División Forestal 0aPublicación especialv; 4514aBosquesxInventarios.14aBosquesxInventariosxMéxico.00aINIFAP. División Forestal0 aPublicación especialv; 45